| 000 | 01004nam a2200253Ia 4500 | ||
|---|---|---|---|
| 999 |
_c58888 _d58888 |
||
| 003 | GCL | ||
| 005 | 20240530110136.0 | ||
| 008 | 140319s9999 xx 000 0 ara d | ||
| 040 |
_aGCL / _cGCL |
||
| 082 | 0 | 4 |
_a515 / _bش ن _221 |
| 100 | 1 | _aشبيجل، موارى ر. | |
| 245 | 1 | 0 |
_aنظريات ومسائل فى حساب التفاضل والتكامل المتقدم / _cموارى ر. شبيجل ؛ ترجمة محمد السمرى ؛ مراجعة عبدالرازق عبدالفتاح |
| 260 |
_a[S.N] : _bالدار الدولية للنشر والتوزيع ، _c1993 |
||
| 490 |
_aملخصات شوم _v0 |
||
| 650 | 0 | 4 | _aالتفاضل والتكامل |
| 650 | 0 | 4 | _aالرياضيات |
| 650 | 0 | 4 | _aالتمارين |
| 650 | 0 | 4 | _aالمعادلات التفاضلية |
| 650 | 0 | 4 | _aالحساب |
| 650 | 0 | 4 | _aالمعاملات التفاضلية |
| 700 | 0 |
_aمحمد السمرى _eمترجم |
|
| 700 | 0 |
_aعبدالرازق عبدالفتاح _eمراجع |
|
| 942 |
_2ddc _cBK |
||